000 00545nam a2200157 i 4500
001 102055
003 ES-MaACL
005 20230906183034.0
007 t|
008 051103s1927 sp ||||1| spa d
245 0 0 _aMemoria de la distribución del "Aguinaldo del Soldado" efectuada por la Cruz Roja Española en nuestra zona de Protectorado en Africa el año 1925-26.
260 _aMadrid :
_bSuc. de Rivadeneyra,
_c1927.
300 _a143 p., 13 map. :
_bil. ;
_c30 cm.
610 2 4 _aCruz Roja Española.
_93322
852 _aES-MaACL
_jB-1801
999 _c102055
_d102055